000 00653cam a2200193 i 4500
005 20260126103731.0
008 250721s2004 xx gr 000 0 ara d
082 1 4 _a346.029
_bط ل ب
100 1 _aطلبه، انور
_eمؤلف.
245 1 2 _aالعقود الصغيره :
_bالوكاله والكفاله /
_cالمستشار أنور طلبة.
264 3 1 _a[غير معرف] :
_bالمكتب الجامعي الحديث،
_c2004.
300 _a449 صفحة.
650 1 7 _aالعقود.
650 1 7 _aالوكالة.
650 1 7 _aالقانون.
650 1 7 _aالكفالة.
942 _2ddc
_cBK
999 _c90765
_d90765